| 000 | 01211cam a2200325 a 4500 | ||
|---|---|---|---|
| 001 | 2690 | ||
| 005 | 20250821141653.0 | ||
| 020 | _a9781407109862 | ||
| 040 |
_aUKM _beng _cUKM _dYDXCP _dOCLCF _dOCLCO _dDLC |
||
| 050 | 0 | 0 | _aGB1603.G34 |
| 082 | 0 | 4 | _a551.482 |
| 100 | 1 |
_aGaneri, Anita _d1961- |
|
| 245 | 1 | 0 |
_aMonster lakes :/ _cAnita Ganeri ; illustrated by Mike Phillips. |
| 250 | _aThis edition published by Scholastic Ltd in 2009 | ||
| 260 |
_aLondon ; _aNew York : _bScholastic, _c2009 |
||
| 300 |
_a128 pages : _billustrations, maps ; _c21 cm . |
||
| 490 | 1 | _aHorrible geography | |
| 500 | _aFirst published: 2005. | ||
| 500 | _aIncludes index. | ||
| 505 | _aN | ||
| 520 | _aMonster Lakes sweeps young readers along on a tour of the world's most fascinating lakes. They can explore a volcanic crater lake, meet scuba-diving spiders, and hunt monsters from the deep. | ||
| 521 |
_a600
_bLexile |
||
| 521 |
_aN
_bRaz-Plus |
||
| 650 | 0 |
_aLakes _vJuvenile literature. |
|
| 650 | 7 |
_aLakes. _2fast _0(OCoLC)fst00990901 |
|
| 655 | 7 |
_aJuvenile works. _2fast _0(OCoLC)fst01411637 |
|
| 700 | 1 |
_aPhillips, Mike _d1961- |
|
| 906 |
_a7 _bcbc _ccopycat _d2 _encip _f20 _gy-gencatlg |
||
| 942 |
_2ddc _cBK _n0 |
||
| 999 |
_c2690 _d2690 |
||